• 首页
  • 本馆介绍
  • 公告通知
  • 最新文献
  • 馆藏检索
  • 电子资源
  • 读者导购
  • 参考咨询
  • 我的图书馆
  • 登录
  • 详细信息显示
  • 放入我的书架
  • 预约/预借图书
  • 作者相关作品
  • 分类相关作品
  • 丛书相关作品
  • 出版社相关作品

书目信息

  • 表格格式
  • 工作单格式
  • 卡片格式
题名:
精通图像处理经典算法
    
 
作者: 杨帆 , 王志陶 , 张华 编著
分册:  
出版信息: 北京   北京航空航天大学出版社  2014
页数: 348页
开本: 24cm
丛书名:
单 册:
中图分类: TN911.73
科图分类:
主题词: Matlab软件--应用--数字图象处理
电子资源:
ISBN: 978-7-5124-1441-9
000 01169nam0 2200253 450
001 012015000822
005 20150914104638.54
010    @a978-7-5124-1441-9@dCNY49.00
100    @a20140429d2014 em y0chiy50 ea
101 0  @achi
102    @aCN@b110000
105    @aa z 000yy
106    @ar
200 1  @a精通图像处理经典算法@Ajing tong tu xiang chu li jing dian suan fa@eMATLAB版@f杨帆,王志陶,张华编著
210    @a北京@c北京航空航天大学出版社@d2014
215    @a348页@d24cm
330    @a本书在简单介绍图像处理、MATLAB程序设计及对图像处理基本操作的基础上,首先,对图像去噪、图像变换、图像分析、图像压缩等经典算法进行分析,重点讲述常用函数及算法实现过程,并给出结果分析;其次,介绍了数字图像处理软件设计过程,重点讲述菜单、工具栏、对话框、信息栏、可执行文件生成等关键技术;再次,详细地讲述了图像处理在信息隐藏、识别和检测中的几个应用实例;给出了设计的全过程;最后,讲述了图像处理在嵌入式系统中的应用。
606 0  @aMatlab软件@x应用@x数字图象处理
690    @aTN911.73@v5
701  0 @a杨帆@Ayang fan@4编著
701  0 @a王志陶@Awang zhi tao@4编著
701  0 @a张华@Azhang hua@4编著
801  0 @aCN@b碧洲教育@c20150718
905    @a10447@f4@dTN911.73@e141
    
    精通图像处理经典算法:MATLAB版/杨帆,王志陶,张华编著.-北京:北京航空航天大学出版社,2014
    348页;24cm
    
    
    ISBN 978-7-5124-1441-9:CNY49.00
    本书在简单介绍图像处理、MATLAB程序设计及对图像处理基本操作的基础上,首先,对图像去噪、图像变换、图像分析、图像压缩等经典算法进行分析,重点讲述常用函数及算法实现过程,并给出结果分析;其次,介绍了数字图像处理软件设计过程,重点讲述菜单、工具栏、对话框、信息栏、可执行文件生成等关键技术;再次,详细地讲述了图像处理在信息隐藏、识别和检测中的几个应用实例;给出了设计的全过程;最后,讲述了图像处理在嵌入式系统中的应用。
●
相关链接 在E读中查询图书 在五车中查询图书 在当当中查询图书 在豆瓣中查询图书


正题名:精通图像处理经典算法     索取号:TN911.73/141         预约/预借

序号 登录号 条形码 馆藏地/架位号 状态 备注
1 0847902   208479029   第二样本阅览室/ [索取号:TN911.73/141] 在馆    
2 0847903   208479038   密集书库—计算机科学学院/ [索取号:TN911.73/141] 在馆    
3 0847904   208479047   第三借阅区/ [索取号:TN911.73/141] 在馆    
4 0847905   208479056   第三借阅区/ [索取号:TN911.73/141] 在馆    
唐山师范学院图书馆 欢迎您!
大连网信软件有限公司© 版权所有